000 00351nam a22001457a 4500
020 _a9780070049956
040 _cNust
082 _a512.9
_bBAR
100 _aRaymond A. Barnett
_9102716
245 _aCollege algebra
250 _a5th Edition
260 _aBoston:
_bMcGraw-Hill,
_c1993.
650 _aCollege algebra
_9102423
942 _2ddc
_cBK
999 _c611027
_d611027